Statistics for US States That Do Not Share First 2 Letters With Any Country

Click here to take the quiz!

General Stats

  • This quiz has been taken 88 times
  • The average score is 14 of 16

Answer Stats

Answer% Correct
Florida
95%
Oregon
94%
Wyoming
92%
Utah
91%
Washington
91%
Illinois
89%
Rhode Island
89%
Wisconsin
88%
Louisiana
86%
West Virginia
86%
Idaho
85%
Oklahoma
85%
Iowa
83%
Ohio
83%
Texas
82%
Tennessee
75%

Score Distribution

Percentile by Number Answered

Percent of People with Each Score

Your Score History

You have not taken this quiz